000 00562nam a22001577a 4500
008 160125b xxu||||| |||| 00| 0 eng d
020 _a9780076213962
082 _22010
_aDK12 512.07
_bAd24
245 _aAdvanced algebra :
_bteaching resources chapter 1-6/
250 _bVolume 1.
260 _aChicago, IL :
_bWright Group/McGraw Hill,
_cc2010.
300 _aiii, [382 pages] :
_billustration ;
_c28 cm.
440 _92212
_a(The University of Chicago School of Mathematics Project)
650 0 _92214
_aAlgebra
_vStudy and teaching (Middle school)
942 _2ddc
_cBK
999 _c818
_d818